000 00631namaa2200205 i 4500
001 117332
003 ES-MaACL
005 20250828000909.0
007 t|
008 070302s1950 sp b 00110 spa d
110 2 _aInstituto Jerónimo Zurita
_95106
245 1 0 _aPublicaciones del Instituto Jerónimo Zurita /
_cRamón Paz Remolar.
260 _a[S.l. :
_bs.n.],
_c1950.
300 _a3 h. ;
_c25 cm.
595 _aSeparata de la revista Hispania.
650 4 _aHistoria-
_vBibliografías.
_9159746
700 1 _aPaz Remolar, Ramón,
_d1905-1985
_989781
852 _aES-MaACL
_j1928-F-4
999 _c117332
_d117332